00958nam a22002651 450000100060000000300080000600500170001400800410003103500190007204000270009104100080011808200230012610000330014924500720018225000140025426000490026830000320031750000680034950400310041765000280044865100450047694200120052199900170053395201420055028227BD-RjUL20211209051244.0140329s1964 ohua b 000 0 eng  a(BD-RjUL)28308 aDLCcDLCdBD-RjULbeng aeng00a309.173bFIC 19611 aFiller, Louis,d1912-98644210aCrusaders for American liberalism :bThe Story of the Muckrakers / a[New ed.] aYellow Springs, Ohio,bAntioch Pressc[1964] axxi, 382 p.billus.c23 cm. aNew and enl. ed. published in 1976 under title: The muckrakers. aBibliography : p. 403-414. 0aSocial problems.986443 0aUnited StatesxSocial conditions.986444 2ddccBK c28227d28227 00102ddc40728NFICaRUCLbRUCLcReadingd1964-07-24eZeitlingerg14.00l0o309.173 FIC 1961r2014-03-29 00:00:00tC-1w2014-03-29yBK